We can win others: (Record no. 10563)

000 -LEADER
fixed length control field 00588nam a2200181 a 4500
001 - CONTROL NUMBER
control field :::00008352$&:&@@
003 - CONTROL NUMBER IDENTIFIER
control field OkBaRHE
005 - DATE AND TIME OF LATEST TRANSACTION
control field 20000607103343.0
008 - FIXED-LENGTH DATA ELEMENTS--GENERAL INFORMATION
fixed length control field s1964 j 000 0 eng u
040 ## - CATALOGING SOURCE
Transcribing agency
100 1# - MAIN ENTRY--PERSONAL NAME
Personal name Chastain, Theron, 1906-
245 10 - TITLE STATEMENT
Title We can win others:
Remainder of title a program of evangelism for present-day churches.
260 ## - PUBLICATION, DISTRIBUTION, ETC. (IMPRINT)
Place of publication, distribution, etc Valley Forge, PA., :
Name of publisher, distributor, etc Judson Press
Date of publication, distribution, etc 1964
300 ## - PHYSICAL DESCRIPTION
Extent 112 p. ;
Dimensions 22 cm.
650 ## - SUBJECT ADDED ENTRY--TOPICAL TERM
Topical term or geographic name as entry element Evangelistic Work
942 ## - ADDED ENTRY ELEMENTS (KOHA)
Source of classification or shelving scheme
Koha item type Books
Copies
Copy number Koha item type Damaged status Permanent Location Withdrawn status Date last seen Not for loan Lost status Full call number Barcode Date acquired Shelving location Price effective from Source of classification or shelving scheme
1Books RHEMA Bible Training College 2010-04-14  BV 3790 .C561483522010-04-14General Stacks2010-04-14